00299nam a22000977a 4500020001500000082001500015100003300030245006600063260003800129300003400167 a0201749602 222a005.72 aPark, Jack and Humting, Sam. aXML topic maps :bcreating and using topic maps for the web / aBoston,bAddision Wesley,cc2003. axxiv, 605p. ;bill. ;c23 cm.